00628 2200253 4500001002100000005001700021008004100038020001800079035002400097082001100121090002100132100001700153245003400170250001100204260003100215300002400246440001400270650002300284850001600307980001500323985000600338999001500344999001500359YOGYA-0209000006778520090227092017.0 ind  a979-672-694-7 0010-020900000067785 a028.55 a028.55bHan UlK aHANAFI, Tevi aUlang tahun OlincTevi Hanafi aCet. 1 aYogyakartabKanisiusc2000 a24 hlmbilusc21 cm aSeri Olin aBacaan kanak-kanak aYOPDYOG JSC a05-01-2009 a1 a00P0005254 a00P0005255